000 00936nam a2200217Ii 4500
003 JO-AjNU
008 230605s9999||||xx |||||||||||||| ||und||
040 _aJO-AjNU
_bara
_erda
_cJO-AjNU
041 _aara
050 1 4 _aTH420.J67.1988
100 3 _aإعداد فارس الداوود؛ مراجعة محمد كامل عبدالعزيز,
_eauthor
_951542
245 0 0 _aمجلس البناء الوطني الأردني، وزارة الأشغال العامة والإسكان: كود الإنارة الداخلية
250 _aط1
264 3 1 _aعمان: الجمعية العلمية الملكية،مجلس البناء الوطني الأردني، 1988
300 _aم23،ج2: 153ص
336 _atext
_btxt
_2rdacontent
337 _aunmediated
_bn
_2rdamedia
338 _avolume
_bnc
_2rdacarrier
490 0 _aكودات البناء الوطني الأردني 
650 4 _a انارة داخلية 
_951543
999 _aA22777
_c26345
_d26345